LEADER 01105nam a2200277 u 4500 001 000000039968 003 CaOOAMICUS 005 20070226114041.0 008 980521s1987 it u000 u ita u 035 $a10795577 040 $aPUL(R)$bita 100 1 $aLaffi, Umberto.$0(OLS)http://pul/name/7686 245 12$aL'amministrazione di Aquileia in Età romana /$cUmberto Laffi. 260 $aUdine :$bArti grafiche friulane,$c1987. 300 $aP. 39-62 ;$c24 cm 500 $aEstratto da: Antichità Altoadriatiche, XXX. 504 $aBibliografia in nota. 650 4$aDiritto romano.$0(OLS)http://pul/subject/382 850 $aPUL 852 $aPUL$W1$xDP1 Miscellanee$y10$mMisc.Lombardi.129(int.21)$j54375$nBK-PRI$b $qStampati Miscellanee$B54375$CPULBib$Z2$F54375 $H $81 941 1 $a17 960 $aRoman law$9382 960 $aRoman law$9382 961 $aINV: Legato con altri volumi. 996 $6245$aL'amministrazione di Aquileia in Età romana$9(OLS)http://pul/title/54037 996 $6260$aUdine :$bArti grafiche friulane$9(OLS)http://pul/publisher/51881 LEADER 01445nam a2200313 a 4500 001 000000136800 003 CaOOAMICUS 005 20131216111530.0 008 131216s2000 it u000 u ita r 020 $a88-7831-110-3 040 $aPUL$bita 082 04$a340.55 100 1 $aBellomo, Manlio,$d1933-$0(OLS)http://pul/name/6671 245 12$aI fatti e il diritto :$btra le certezze e i dubbi dei giuristi medievali (secoli XIII-XIV) /$cManlio Bellomo. 260 $aRoma :$bIl Cigno Galileo Galilei Edizioni di Arte e Scienza,$c©2000. 300 $a750 p. ;$c25 cm 490 1 $aI libri di Erice ;$v27 504 $aBibliografia in nota ed indici. 650 4$aDiritto medievale$xFonti.$0(OLS)http://pul/subject/3575 650 4$aGiuristi medievali.$0(OLS)http://pul/subject/9465 830 0$aLibri di Erice ;$v27.$0(OLS)http://pul/title/165874 850 $aPUL 852 $aPUL$W1$xSL Diritto e Scienze Sociali 3$y79$m340. 55 BELMA 2$j157659$qDDC 21$B157061$CPULBib$Z2$F157061 $H123296 $82 941 1 $a9 996 $6020$a88-7831-110-3$9(OLS)http://pul/number/154193 996 $6082$a340.55$9(OLS)http://pul/classification/2246 996 $6245$aI fatti e il diritto :$btra le certezze e i dubbi dei giuristi medievali (secoli XIII-XIV)$9(OLS)http://pul/title/173207 996 $6260$aRoma :$bIl Cigno Galileo Galilei Edizioni di Arte e Scienza$9(OLS)http://pul/publisher/51339